Statistics for General Knowledge Quiz #180

Click here to take the quiz!

General Stats

  • This quiz has been taken 36,551 times
  • The average score is 11 of 20

Answer Stats

QuestionAnswer% Correct
In what mountain range would you find Mont Blanc?The Alps
86%
What is represented by this symbol: ♀?Venus / Female Sex
85%
What does a lumberjack stereotypically yell when a tree is about to fall?Timber!!!!
83%
Where would you be most likely to attend a luau?Hawaii
77%
Other than the Giant Panda, what animal has "panda" in its name?{Red} Panda
74%
What type of product do Steve Madden and Jimmy Choo design?Shoes
70%
In what sea would you find the Gulf of Finland?Baltic Sea
56%
Name one of the countries that can be found in the Levant.Syria, Jordan, Israel,
Lebanon, or Cyprus
53%
Who was the founder of the Academy of Athens?Plato
52%
What Winter Olympics host city is also considered to be the automotive capital of Italy?Turin
51%
In what peninsula did the religion of Islam begin?Arabian Peninsula
49%
What sign follows Aquarius in the astrological Zodiac?Pisces
48%
What part of the body starts with A and ends with X?The Appendix
48%
What organization is also known as "La Cosa Nostra"?The Sicilian Mafia
47%
What city suffered severe flooding due to Hurricane Harvey in 2017?Houston
45%
What country grows the most mangoes?India
43%
Luge is an Olympic event that involves sledding feet first. What event
involves sledding face first?
Skeleton
42%
What was the most populous Christian city in 1000 A.D?Constantinople
41%
What "evil" king followed Richard the Lionheart?King John
36%
According to Jewish folklore, who had a first wife named Lilith?Adam
30%

Score Distribution

Percentile by Number Answered

Percent of People with Each Score

Your Score History

You have not taken this quiz